[Event "Canadian op"]
[Site "Edmonton"]
[Date "2009.07.19"]
[Round "9.74"]
[White "Smith, Maurice"]
[Black "Chaisson, Terry"]
[Result "1/2-1/2"]
[WhiteElo "1635"]
[BlackElo "1823"]
[PlyCount "64"]
[EventDate "2009.07.11"]
[EventType "swiss"]
[EventRounds "9"]
[EventCountry "CAN"]
[SourceTitle "EXT 2022"]
[Source "ChessBase"]
[SourceDate "2021.10.06"]
[SourceVersion "1"]
[SourceVersionDate "2021.10.06"]
[SourceQuality "1"]

1. e4 c5 2. f4 Nc6 3. Nf3 d5 4. exd5 Qxd5 5. Nc3 Qd8 6. Bc4 e6 7. 0-0 Nf6 8. d3 a6 9. a3 Bd6 10. Qe1 0-0 11. Ne5 Bxe5 12. fxe5 Qd4+ 13. Qe3 Qxe3+ 14. Bxe3 Nxe5 15. Bxc5 Re8 16. Ba2 Ned7 17. Be3 b5 18. Rae1 Bb7 19. Bd2 Rac8 20. Bb1 Nb6 21. Ne4 Nxe4 22. dxe4 Nc4 23. Bc1 Red8 24. c3 Nd2 25. Bxd2 Rxd2 26. Rf2 Rcd8 27. Ref1 Kf8 28. Rxf7+ Kg8 29. Rxb7 Rxb2 30. h3 g6 31. Rff7 Rxb1+ 32. Kh2 Rbd1 1/2-1/2

[Event "Canadian op"]
[Site "Edmonton"]
[Date "2009.07.17"]
[Round "7.44"]
[White "Willis, Bradley"]
[Black "Chaisson, Terry"]
[Result "1-0"]
[WhiteElo "2072"]
[BlackElo "1823"]
[PlyCount "79"]
[EventDate "2009.07.11"]
[EventType "swiss"]
[EventRounds "9"]
[EventCountry "CAN"]
[SourceTitle "EXT 2022"]
[Source "ChessBase"]
[SourceDate "2021.10.06"]
[SourceVersion "1"]
[SourceVersionDate "2021.10.06"]
[SourceQuality "1"]

1. d4 Nf6 2. Nf3 g6 3. Nc3 Bg7 4. e4 d6 5. h3 a6 6. Be3 Nbd7 7. Qd2 e5 8. dxe5 Nxe5 9. Nxe5 dxe5 10. Qxd8+ Kxd8 11. Bc4 Be6 12. Bxe6 fxe6 13. g4 b6 14. Bg5 Ke7 15. 0-0-0 Rad8 16. Rxd8 Rxd8 17. f4 h6 18. Bh4 g5 19. fxg5 Nh7 20. gxh6+ Bf6 21. Bxf6+ Kxf6 22. h4 Rd4 23. g5+ Kg6 24. Rg1 Rd8 25. Ne2 Rg8 26. Ng3 Rf8 27. Rf1 Rg8 28. Kd2 Rd8+ 29. Ke3 Rh8 30. Kf3 Nxg5+ 31. hxg5 Kxg5 32. Rh1 Rh7 33. Rh5+ Kf6 34. Kg4 c6 35. Nf1 b5 36. b4 Kg6 37. Rxe5 Rf7 38. Rxe6+ Kh7 39. Ne3 Rc7 40. Nf5 1-0

[Event "Canadian op"]
[Site "Edmonton"]
[Date "2009.07.14"]
[Round "4.43"]
[White "Chaisson, Terry"]
[Black "Melekhina, Alisa"]
[Result "0-1"]
[WhiteElo "1823"]
[BlackElo "2270"]
[PlyCount "86"]
[EventDate "2009.07.11"]
[EventType "swiss"]
[EventRounds "9"]
[EventCountry "CAN"]
[SourceTitle "EXT 2022"]
[Source "ChessBase"]
[SourceDate "2021.10.06"]
[SourceVersion "1"]
[SourceVersionDate "2021.10.06"]
[SourceQuality "1"]

1. e4 b6 2. d4 Bb7 3. Bd3 Nf6 4. Nc3 e6 5. Bg5 h6 6. Bh4 Bb4 7. f3 Be7 8. Nge2 d5 9. e5 Nfd7 10. Bxe7 Qxe7 11. Nb5 Qd8 12. c3 a6 13. Na3 c5 14. 0-0 Nc6 15. f4 g6 16. Nb1 a5 17. Nd2 Ba6 18. Nf3 Bxd3 19. Qxd3 c4 20. Qc2 b5 21. b3 Nb6 22. Rfb1 b4 23. Nd2 Rc8 24. Kh1 0-0 25. g3 Qe7 26. Rc1 Na7 27. a4 bxa3 28. bxc4 Nxc4 29. Nxc4 Rxc4 30. Rcb1 a4 31. Qa2 Qc7 32. Qxa3 Rb8 33. Rxb8+ Qxb8 34. Qc1 Kg7 35. Qc2 Qe8 36. Ra3 Nb5 37. Rxa4 Nxd4 38. Nxd4 Qxa4 39. Qb2 Qa5 40. Nb5 Qb6 41. Qb1 Rc5 42. Na3 Qxb1+ 43. Nxb1 Ra5 0-1

[Event "Canadian op"]
[Site "Edmonton"]
[Date "2009.07.12"]
[Round "2.71"]
[White "Chaisson, Terry"]
[Black "Du, Howard"]
[Result "1/2-1/2"]
[WhiteElo "1823"]
[BlackElo "1655"]
[PlyCount "117"]
[EventDate "2009.07.11"]
[EventType "swiss"]
[EventRounds "9"]
[EventCountry "CAN"]
[SourceTitle "EXT 2022"]
[Source "ChessBase"]
[SourceDate "2021.10.06"]
[SourceVersion "1"]
[SourceVersionDate "2021.10.06"]
[SourceQuality "1"]

1. e4 b6 2. d4 Bb7 3. Nc3 d6 4. Nf3 Nd7 5. Bd3 e5 6. Be3 Be7 7. Qd2 Ngf6 8. h3 0-0 9. g4 Ne8 10. 0-0-0 c5 11. dxe5 Nxe5 12. Nxe5 dxe5 13. Nd5 Bxd5 14. exd5 Nd6 15. b3 a5 16. a4 Qd7 17. c4 e4 18. Bc2 f5 19. g5 Rf7 20. Rdg1 g6 21. h4 Raf8 22. Bf4 Ne8 23. h5 Bd6 24. hxg6 hxg6 25. Rh6 Rg7 26. Rgh1 Kf7 27. Re1 Qc7 28. Bxd6 Qxd6 29. f3 Qe5 30. Kb1 Nd6 31. fxe4 f4 32. Qg2 Ke7 33. Bd1 Nf7 34. Rh3 Rh8 35. Rxh8 Nxh8 36. Qb2 Kd6 37. Qxe5+ Kxe5 38. Bf3 Nf7 39. Rg1 Rh7 40. Kc2 Rh3 41. Bg4 Rh4 42. Be6 Nd6 43. Kd3 Nxe4 44. Re1 f3 45. Ke3 f2 46. Rf1 Rf4 47. Bh3 Nxg5 48. Bg2 Nf7 49. Rxf2 Rxf2 50. Kxf2 Kf4 51. Bf3 g5 52. Kg2 Nd6 53. Kf2 g4 54. Bg2 g3+ 55. Ke2 Nf5 56. Kd3 Nd6 57. Ke2 Nf7 58. Bh3 Nd6 59. Bg2 1/2-1/2